000 00312nam a2200121Ia 4500
008 190216s9999||||xx |||||||||||||| ||und||
100 _aAcheson R M
245 0 _aIntroduction To The Chemistry Of Heterocyclic Compounds
260 _bWiley Eastern Ltd
_c1976
300 _a408p
650 _aChemistry
942 _cBK
999 _c2337
_d2337